| 000 | 01307cai a22002535a 4500 | ||
|---|---|---|---|
| 001 | ##L129672 | ||
| 008 | 050510c1970 xxkmr w ss 000 0 eng d | ||
| 035 | _a(Sirsi) u129672 | ||
| 041 | 0 | _aeng | |
| 110 | 2 |
_aBank of England _92779 |
|
| 245 | _aChanges in bank rate, minimum lending rate, minimum band one dealing rate and repo rate | ||
| 260 |
_aLondon _bBank of England _c1970- |
||
| 520 | _aThe Bank of England's repo rate is 5.75%. The rate was last changed, from 5.5%, on 5 July 2007. Details of the repro rate since 6 May 1997, the minimum band one dealing rate between 25 August 1981 and 30 October 1996, the minimum lending rate between 16 October 1972 and 11 March 1981, and the bank rate between 5 March 1970 and 22 June 1972 are available on the Bank of England website. | ||
| 590 | _aKA | ||
| 650 | 2 | 4 | _aBANK OF ENGLAND REPO RATE |
| 650 | 2 | 4 | _aBANK OF ENGLAND MINIMUM BAND ONE DEALING RATE |
| 650 | 2 | 4 | _aBANK OF ENGLAND MINIMUM LENDING RATE |
| 650 | 2 | 4 | _aBANK OF ENGLAND BANK RATE |
| 651 | 4 |
_aUnited Kingdom _y |
|
| 690 | _aBUILT ENVIRONMENT-CONSTRUCTION MARKET | ||
| 690 | _aPROPERTY-PROPERTY MARKET | ||
| 856 | 4 | 0 |
_uhttps://213.225.136.206/mfsd/iadb/Repo.asp?Travel=NIxIRx _zView the Bank of England base rate information free of charge at www.bankofengland.co.uk... |
| 942 | _n0 | ||
| 999 |
_c118800 _d118800 |
||